000 00205 a2200109 4500
020 _a9788415241027
041 _aspa
100 _aMar Pavon
245 _aZaira y los Delfines
942 _cBK
952 _71
999 _c24030
_d24030